Movies Quiz

Random Movies or Christmas Quiz

Christmas Story trivia Quiz Stats

 Plays Quiz not verified by Sporcle

Challenge
Share
Tweet
Embed
Score 0/37 Timer 10:00
0 Plays Today
Question Answer % Correct
Year movie was released?1983
82.6%
Main characterRalphie
81.5%
What does he want for christmas?A Red Ryder BB gun
68.4%
What word was on the crate?Fragile
68.2%
What happened to it?It broke
65.7%
What did the main character NOT say while helping his father change the tire?Fudge
64.6%
Which meant it came from what country?Italy
64%
Year movie takes place?1940
63.1%
Major award his father won...A leg lamp
59.1%
His favorite radio show....Little Orphan Annie
58.8%
And what else does she think he is?A girl
57.4%
From?His aunt
56.2%
What his mother thinks will happen if he gets one...Shoot his eye out
55.1%
Who thinks he is how old?4
55%
And what Christmas carol does the staff sing?Deck the Halls
54.6%
What made him do that?A triple dog dare
54.1%
Who sticks his tongue to the flag pole?Flick
52.2%
The secret message....Be sure to drink your Ovaltine
50.7%
Played byPeter Billingsley
44.4%
Question Answer % Correct
And then what happens to the turkey?Eaten by the Bumpus' dogs
43.1%
His friendsFlick and Schwartz
41.6%
Who did that?His mother
36.6%
His punishment?Soap in his mouth
31.5%
Who is the voice of the narrator?Jean Shepherd
30.1%
Outfit he got for ChristmasPink bunny suit
29.6%
Bonus question-What is the name of the Lone Rangers' nephew's horse?Victor
27.8%
Written by .....Jean Shepherd
27.4%
How do you know that?Everybody knows that
22.2%
What brand?Life Buoy
20.6%
Name of the restaurant they have dinnerChop Suey Palace
16.8%
What happens the first time he uses his favorite present?He shoots his eye out
10.6%
His preferred brand?Lux
10.3%
What extra features does it have?A compass in the stock and this thing that tells time
8.8%
Title of book movie is based onIn God We Trust, All Others Must Pay Cash
6.6%
His enemiesScut Farcus and Grover Dill
6.6%
Who also did commercials forHershey's Chocolate syrup
4.7%
Give me the full discriptionOfficial Red Ryder carbine action two hundred shot range model air rifle
2.1%

You're not logged in!

Compare scores with friends on all Sporcle quizzes.
OR
Log In

You Might Also Like...

Show Comments

Extras

Top Quizzes Today


Score Distribution

Your Account Isn't Verified!

In order to create a playlist on Sporcle, you need to verify the email address you used during registration. Go to your Sporcle Settings to finish the process.

Report this User

Report this user for behavior that violates our Community Guidelines.

Details: